000 00390nam a2200157Ia 4500
005 20250411070640.0
008 240331s9999 xx 000 0 und d
020 _a9552007011
082 _bKOD
_a891
100 _aKodikara,S
245 0 _aManasa wila sahaaneru mal
260 _aDehiwala
_bGodage Brothers
_c1992
300 _a84 p .,
500 _aA Classical Literature Book
942 _cL
999 _c4850
_d4850